[Event "Chigorin Memorial"]
[Site "St Petersburg"]
[Date "2016.10.18"]
[Round "4.1"]
[White "Paravyan, David"]
[Black "Smirin, Ilia"]
[Result "1/2-1/2"]
[WhiteElo "2528"]
[BlackElo "2685"]
[PlyCount "124"]
[EventDate "2016.10.15"]
[EventType "swiss"]
[EventRounds "9"]
[EventCountry "RUS"]
[WhiteClock "0:01:10"]
[BlackClock "0:09:53"]

1. d4 Nf6 2. c4 g6 3. Nc3 Bg7 4. e4 d6 5. Nf3 O-O 6. Be2 e5 7. O-O Nc6 8. d5
Ne7 9. Be3 Ng4 10. Bg5 f6 11. Bh4 Nh6 12. Nd2 g5 13. Bg3 Ng6 14. Re1 Nf4 15.
Bf1 g4 16. Rc1 f5 17. exf5 Nxf5 18. Bxf4 exf4 19. Qxg4 Ne3 20. Qe2 Bg4 21. Qd3
Bf5 22. Nde4 Ng4 23. f3 Ne3 24. Nd1 Bxe4 25. Qxe4 Qg5 26. Nxe3 Rae8 27. Qc2
fxe3 28. Bd3 Rxf3 29. Bxh7+ Kh8 30. Qg6 Re5 31. Qxg5 Rxg5 32. Bd3 Bxb2 33. Rb1
Rf2 34. g3 Rd2 35. Re2 Bc3 36. Rxd2 exd2 37. Kf2 Re5 38. Rd1 c6 39. dxc6 bxc6
40. Bc2 a5 41. h4 Rc5 42. Bd3 d5 43. cxd5 Rxd5 44. Ke3 c5 45. Be2 Rd4 46. Rb1
Ra4 47. Rb3 Bb4 48. Rd3 Rxa2 49. g4 a4 50. g5 a3 51. h5 d1=Q 52. Rxd1 Bd2+ 53.
Ke4 Bxg5 54. Bc4 Rc2 55. Kd5 Bf6 56. Rf1 Bd4 57. Rf8+ Kg7 58. Ra8 Rc3 59. Ra6
Be3 60. Rg6+ Kh7 61. Ra6 Bd4 62. Ba2 Rh3 1/2-1/2

[Event "Chigorin Memorial"]
[Site "St Petersburg"]
[Date "2016.10.18"]
[Round "4.2"]
[White "Brodsky, Michail"]
[Black "Sjugirov, Sanan"]
[Result "1/2-1/2"]
[WhiteElo "2524"]
[BlackElo "2660"]
[PlyCount "110"]
[EventDate "2016.10.15"]
[EventType "swiss"]
[EventRounds "9"]
[EventCountry "RUS"]
[WhiteClock "0:04:39"]
[BlackClock "0:03:47"]

1. d4 Nf6 2. c4 e6 3. Nf3 b6 4. g3 Ba6 5. b3 d5 6. Bg2 Bb4+ 7. Bd2 Be7 8. cxd5
exd5 9. O-O O-O 10. Nc3 Bb7 11. Qc2 Re8 12. Rfd1 Nbd7 13. Bf4 c6 14. Ne5 Nf8
15. e4 Ne6 16. Be3 Rc8 17. exd5 cxd5 18. Qd3 Ba3 19. Bc1 Bd6 20. Bb2 a6 21.
Rac1 b5 22. Nf3 Ne4 23. a4 b4 24. Nb1 Rxc1 25. Rxc1 Qa8 26. Nbd2 Rc8 27. Rc2
Qb8 28. Ne1 Nf6 29. Ndf3 Ne4 30. Nd2 Nf6 31. Ndf3 Rxc2 32. Nxc2 Qc7 33. Nd2 g6
34. Ne3 Qc8 35. Qc2 Qxc2 36. Nxc2 a5 37. f3 Ba6 38. Bf1 Bxf1 39. Nxf1 Kf8 40.
Kf2 Ke7 41. Ke2 h5 42. Bc1 Bc7 43. Be3 Nd7 44. Bf2 f5 45. Nfe3 Nf6 46. Ng2 f4
47. Nge1 fxg3 48. hxg3 g5 49. Ng2 g4 50. fxg4 hxg4 51. Nge3 Ng5 52. Nf5+ Ke6
53. Nce3 Nge4 54. Be1 Nh5 55. Kd3 Bb8 {Kxe4 Ke5+} 1/2-1/2

[Event "Chigorin Memorial"]
[Site "St Petersburg"]
[Date "2016.10.18"]
[Round "4.3"]
[White "Kamsky, Gata"]
[Black "Gabrielian, Artur"]
[Result "1/2-1/2"]
[WhiteElo "2637"]
[BlackElo "2524"]
[PlyCount "73"]
[EventDate "2016.10.15"]
[EventType "swiss"]
[EventRounds "9"]
[EventCountry "RUS"]
[WhiteClock "0:01:26"]
[BlackClock "0:01:27"]

1. d4 Nf6 2. Nf3 g6 3. Bf4 Bg7 4. c3 O-O 5. e3 d6 6. h3 b6 7. a4 Nc6 8. Bb5 Bb7
9. O-O a6 10. Bc4 Re8 11. Nbd2 e5 12. Bh2 exd4 13. cxd4 Qd7 14. Rc1 Rac8 15.
Re1 h6 16. e4 d5 17. exd5 Rxe1+ 18. Qxe1 Nxd5 19. Qe4 Nce7 20. Bb3 c5 21. Ne5
cxd4 22. Re1 Qe6 23. Ndf3 Ba8 24. Nxd4 Qf6 25. Bg3 Nb4 26. Qg4 Bd5 27. Bxd5
Nbxd5 28. Qd7 h5 29. Nef3 g5 30. Be5 Qg6 31. Bxg7 Kxg7 32. Re5 Rc7 33. Nf5+ Kh7
34. Qd8 Rc8 35. Qd7 Rc7 36. Qd8 Rc8 37. Qd7 1/2-1/2

[Event "Chigorin Memorial"]
[Site "St Petersburg"]
[Date "2016.10.18"]
[Round "4.4"]
[White "Levin, Evgeny A"]
[Black "Alekseev, Evgeny"]
[Result "0-1"]
[WhiteElo "2505"]
[BlackElo "2636"]
[PlyCount "72"]
[EventDate "2016.10.15"]
[EventType "swiss"]
[EventRounds "9"]
[EventCountry "RUS"]
[WhiteClock "0:14:05"]
[BlackClock "0:04:12"]

1. Nf3 Nf6 2. c4 e6 3. d4 d5 4. Nc3 Bb4 5. e3 c5 6. Bd3 cxd4 7. exd4 dxc4 8.
Bxc4 O-O 9. O-O b6 10. Ne5 Bb7 11. Bg5 h6 12. Bh4 Nbd7 13. Nxf7 Rxf7 14. Bxe6
Qf8 15. Qb3 Bxc3 16. bxc3 Re8 17. Bc4 Rc8 18. Be6 Rc6 19. Bxf7+ Qxf7 20. Rfe1
g5 21. Bg3 Rc8 22. Re7 Qxb3 23. axb3 Rxc3 24. Be5 Bc8 25. d5 Nxe5 26. Rxe5 a5
27. Rb1 Bd7 28. Re3 Nxd5 29. Rxc3 Nxc3 30. Re1 Kf7 31. Re3 Nd5 32. Rd3 Be6 33.
Kf1 Ke7 34. g3 Nb4 35. Rc3 Kd6 36. Ke2 Na6 0-1

[Event "Chigorin Memorial"]
[Site "St Petersburg"]
[Date "2016.10.18"]
[Round "4.5"]
[White "Gajewski, Grzegorz"]
[Black "Moskalenko, Alexander"]
[Result "1/2-1/2"]
[WhiteElo "2621"]
[BlackElo "2490"]
[PlyCount "110"]
[EventDate "2016.10.15"]
[EventType "swiss"]
[EventRounds "9"]
[EventCountry "RUS"]
[WhiteClock "0:17:58"]
[BlackClock "0:07:00"]

1. d4 d5 2. Nf3 e6 3. g3 c6 4. Bg2 f5 5. O-O Bd6 6. b3 Qe7 7. c4 Nd7 8. Bb2 b6
9. Ne5 Bb7 10. cxd5 exd5 11. f4 Ngf6 12. Nd2 Rc8 13. Rc1 O-O 14. e3 Ne4 15.
Nxe4 dxe4 16. g4 fxg4 17. Bxe4 Nf6 18. Bg2 c5 19. d5 Rcd8 20. e4 Nh5 21. Qxg4
Nxf4 22. Rxf4 Bxe5 23. Bxe5 Qxe5 24. Rcf1 Ba6 25. R1f2 Qa1+ 26. Bf1 Rfe8 27.
Qf5 h6 28. d6 Bxf1 29. Qd5+ Kh7 30. Rxf1 Qe5 31. Qxe5 Rxe5 32. Rd1 Kg8 33. Kf2
Re6 34. Ke3 Rexd6 35. Rxd6 Rxd6 36. Rf2 Rd1 37. Kf4 Kf7 38. Ke5+ Ke7 39. h4 Rg1
40. Kf5 g6+ 41. Ke5 Rg4 42. Rh2 h5 43. Kd5 Rg3 44. Rf2 Rd3+ 45. Ke5 Rd6 46. Rg2
Re6+ 47. Kd5 Rd6+ 48. Ke5 Rf6 49. Kd5 Rd6+ 50. Ke5 a5 51. a4 Re6+ 52. Kd5 Rd6+
53. Ke5 Kd7 54. Rg3 Ke7 55. Rg2 Kd7 1/2-1/2

[Event "Chigorin Memorial"]
[Site "St Petersburg"]
[Date "2016.10.18"]
[Round "4.6"]
[White "Golubov, Saveliy"]
[Black "Romanov, Evgeny"]
[Result "1/2-1/2"]
[WhiteElo "2481"]
[BlackElo "2619"]
[PlyCount "81"]
[EventDate "2016.10.15"]
[EventType "swiss"]
[EventRounds "9"]
[EventCountry "RUS"]
[WhiteClock "0:44:17"]
[BlackClock "0:38:03"]

1. e4 e5 2. Nc3 Nf6 3. g3 d5 4. exd5 Nxd5 5. Bg2 Nf6 6. Nf3 Nc6 7. O-O Bc5 8.
d3 O-O 9. Re1 Re8 10. Bg5 Bg4 11. h3 Bh5 12. Qd2 h6 13. Bxf6 Qxf6 14. Ne4 Qe7
15. Nxc5 Qxc5 16. Qc3 Qxc3 17. bxc3 f6 18. Rab1 Rab8 19. Nd2 Nd8 20. Re4 c6 21.
Ra4 Ra8 22. Ne4 Re7 23. Nc5 Kf8 24. Ra5 Rc7 25. Na4 Rcc8 26. c4 b6 27. Ra6 Be8
28. c5 b5 29. Nc3 Ne6 30. Ne4 Rd8 31. g4 Rd4 32. Rd1 Ke7 33. c3 Rd5 34. a4 Nxc5
35. Nxc5 Rxc5 36. d4 Rxc3 37. axb5 Rd8 38. Rxa7+ Rd7 39. Rxd7+ Bxd7 40. bxc6
Bxc6 41. dxe5 1/2-1/2

[Event "Chigorin Memorial"]
[Site "St Petersburg"]
[Date "2016.10.18"]
[Round "4.7"]
[White "Swayams, Mishra"]
[Black "Khismatullin, Denis"]
[Result "0-1"]
[WhiteElo "2472"]
[BlackElo "2617"]
[PlyCount "98"]
[EventDate "2016.10.15"]
[EventType "swiss"]
[EventRounds "9"]
[EventCountry "RUS"]
[WhiteClock "0:00:39"]
[BlackClock "0:21:44"]

1. d4 Nf6 2. c4 e6 3. Nc3 Bb4 4. f3 c5 5. d5 O-O 6. e4 Re8 7. Nge2 d6 8. Nf4
exd5 9. cxd5 a6 10. Be2 Nbd7 11. O-O Ne5 12. Nd3 Nxd3 13. Bxd3 b5 14. Bc2 c4
15. Be3 Nd7 16. a4 Rb8 17. axb5 axb5 18. Kh1 Bc5 19. Bxc5 Nxc5 20. Ne2 b4 21.
Ba4 Nxa4 22. Rxa4 Bd7 23. Ra1 Bb5 24. Nd4 Qb6 25. Nxb5 Qxb5 26. Qa4 Qxa4 27.
Rxa4 Rec8 28. Kg1 b3 29. Rb1 f5 30. Kf2 fxe4 31. fxe4 c3 32. Ke3 c2 33. Rc1 Kf7
34. Ra7+ Kf6 35. Ra6 Ke5 36. Ra7 Kf6 37. Ra6 Rd8 38. Rf1+ Kg6 39. e5 Kg5 40.
Rxd6 Rxd6 41. exd6 Rd8 42. Kd4 Rxd6 43. Kc4 Rb6 44. Kc3 Rb8 45. Rc1 Kf6 46. Kd4
Rc8 47. Ke4 Ke7 48. Kd3 Kd6 49. Kd2 Rc5 0-1

[Event "Chigorin Memorial"]
[Site "St Petersburg"]
[Date "2016.10.18"]
[Round "4.8"]
[White "Tsydypov, Zhamsaran"]
[Black "Eliseev, Urii"]
[Result "0-1"]
[WhiteElo "2451"]
[BlackElo "2606"]
[PlyCount "60"]
[EventDate "2016.10.15"]
[EventType "swiss"]
[EventRounds "9"]
[EventCountry "RUS"]
[WhiteClock "0:05:08"]
[BlackClock "0:30:04"]

1. e4 c5 2. Nf3 Nc6 3. Bb5 g6 4. O-O Bg7 5. Bxc6 bxc6 6. d3 e5 7. Nbd2 Ne7 8.
a3 a5 9. b4 axb4 10. Bb2 bxa3 11. Bxe5 Bxe5 12. Nxe5 a2 13. Qc1 O-O 14. Qb2 d6
15. Nef3 Be6 16. e5 dxe5 17. Qxe5 Nd5 18. Ne4 Qb8 19. Qg5 Qf4 20. Qxf4 Nxf4 21.
Nxc5 Ne2+ 22. Kh1 Bd5 23. Nd2 Nc3 24. Rfe1 Rfe8 25. Re3 Rxe3 26. fxe3 Nd1 27.
c4 Nxe3 28. cxd5 Nc2 29. Ncb3 Nxa1 30. Nxa1 Re8 0-1

[Event "Chigorin Memorial"]
[Site "St Petersburg"]
[Date "2016.10.18"]
[Round "4.9"]
[White "Timofeev, Artyom"]
[Black "Shevchenko, Kirill"]
[Result "1/2-1/2"]
[WhiteElo "2601"]
[BlackElo "2447"]
[PlyCount "64"]
[EventDate "2016.10.15"]
[EventType "swiss"]
[EventRounds "9"]
[EventCountry "RUS"]
[WhiteClock "0:32:01"]
[BlackClock "0:16:01"]

1. d4 Nf6 2. c4 e6 3. Nc3 Bb4 4. e3 O-O 5. Bd3 c5 6. Nf3 d5 7. O-O Nc6 8. a3
Bxc3 9. bxc3 dxc4 10. Bxc4 Qc7 11. Bb2 e5 12. h3 Bf5 13. Bb5 e4 14. Nd2 Rad8
15. Bxc6 Qxc6 16. c4 cxd4 17. exd4 Rfe8 18. a4 Bg6 19. Qb3 Nh5 20. d5 Qd7 21.
Bd4 f5 22. f4 exf3 23. Nxf3 Ng3 24. Rfe1 Ne2+ 25. Kf2 Nxd4 26. Nxd4 Bf7 27. a5
Qc7 28. Nf3 Qc5+ 29. Kg3 Qc7+ 30. Kf2 Qc5+ 31. Kg3 Qc7+ 32. Kf2 Qc5+ 1/2-1/2

[Event "Chigorin Memorial"]
[Site "St Petersburg"]
[Date "2016.10.18"]
[Round "4.10"]
[White "Sengupta, Deep"]
[Black "Lobanov, Sergei"]
[Result "1-0"]
[WhiteElo "2570"]
[BlackElo "2432"]
[PlyCount "81"]
[EventDate "2016.10.15"]
[EventType "swiss"]
[EventRounds "9"]
[EventCountry "RUS"]
[WhiteClock "0:46:25"]
[BlackClock "0:31:49"]

1. d4 Nf6 2. Bg5 Ne4 3. Bf4 d5 4. e3 c5 5. Bd3 Nc6 6. Bxe4 dxe4 7. Ne2 Bg4 8.
Nbc3 cxd4 9. exd4 e6 10. Nxe4 Bxe2 11. Qxe2 Nxd4 12. Qd3 Nc6 13. O-O-O Qxd3 14.
Rxd3 Nb4 15. Rb3 Nd5 16. Bg3 b6 17. Kb1 Rc8 18. Rc1 f5 19. Nd6+ Bxd6 20. Bxd6
Rc4 21. Rg3 Kf7 22. Be5 Rg8 23. Re1 Rcc8 24. Ra3 a5 25. Rh3 h6 26. a4 Nb4 27.
Rc3 Nc6 28. Bf4 Nb4 29. Rc7+ Rxc7 30. Bxc7 Nd5 31. Be5 Rc8 32. b3 Nb4 33. Bd4
b5 34. c3 Nc6 35. axb5 Nxd4 36. cxd4 Rd8 37. Kc2 Rxd4 38. Ra1 Ke7 39. Rxa5 Kd6
40. Ra6+ Kd5 41. Ra4 1-0

[Event "Chigorin Memorial"]
[Site "St Petersburg"]
[Date "2016.10.18"]
[Round "4.11"]
[White "Lesovoi, Evgenij"]
[Black "Alekseenko, Kirill"]
[Result "0-1"]
[WhiteElo "2261"]
[BlackElo "2554"]
[PlyCount "172"]
[EventDate "2016.10.15"]
[EventType "swiss"]
[EventRounds "9"]
[EventCountry "RUS"]
[WhiteClock "0:02:31"]
[BlackClock "0:06:43"]

1. d4 d6 2. Nf3 Bg4 3. e4 Nf6 4. h3 Bh5 5. Bd3 e6 6. O-O c6 7. Re1 d5 8. Nbd2
Be7 9. c3 O-O 10. Qc2 dxe4 11. Bxe4 Nxe4 12. Qxe4 Nd7 13. Ne5 Nxe5 14. Qxe5 Qd5
15. Qc7 Bd6 16. Qxb7 a5 17. Qb3 a4 18. Qxd5 cxd5 19. Nf3 Rfc8 20. a3 Bxf3 21.
gxf3 h6 22. Kf1 g5 23. Re2 Kg7 24. Be3 Kg6 25. Rd1 Kf5 26. Bc1 Rab8 27. Kg2 Rb5
28. Rdd2 Rc4 29. Rc2 Rb8 30. Be3 Bc7 31. Kf1 Rd8 32. Re1 Kg6 33. Kg2 Rc8 34.
Rh1 Rc6 35. Bc1 Bb6 36. Be3 Bc7 37. Bc1 Rb8 38. Re1 Kf5 39. Kf1 Rc4 40. Ke2 f6
41. Rh1 e5 42. dxe5 fxe5 43. Rd1 Rb5 44. Rcd2 Ke6 45. Kf1 Bb6 46. Re2 Kf5 47.
Kg2 d4 48. cxd4 exd4 49. Re7 Rc2 50. f4 Rbc5 51. fxg5 Rxc1 52. Rxd4 hxg5 53.
Rxa4 R5c2 54. Rf7+ Kg6 55. Rf3 Rxb2 56. Re4 Rcc2 57. Re6+ Kh5 58. Ref6 Bd4 59.
Rf7 Ra2 60. Rf8 Rd2 61. Kg3 Rd1 62. Kg2 Raa1 63. Rb3 Rh1 64. Rb7 Rag1+ 65. Kf3
Rxh3+ 66. Ke4 Bc5 67. Rh7+ Kg6 68. Rxh3 Bxf8 69. Rb3 Bc5 70. Rb2 Bxa3 71. Rc2
Kh5 72. Kf3 Bd6 73. Rd2 Bf4 74. Rd8 Rb1 75. Rh8+ Kg6 76. Rg8+ Kf7 77. Ra8 Rb3+
78. Kg4 Rb2 79. Ra7+ Ke6 80. Ra6+ Ke5 81. Ra5+ Ke4 82. Ra4+ Kd3 83. Kf3 Rb3 84.
Ra2 Kd4+ 85. Kg4 Rd3 86. Rc2 Rd2 0-1

[Event "Chigorin Memorial"]
[Site "St Petersburg"]
[Date "2016.10.18"]
[Round "4.12"]
[White "Khalifman, Alexander"]
[Black "Nasuta, Grzegorz"]
[Result "1-0"]
[WhiteElo "2617"]
[BlackElo "2454"]
[PlyCount "75"]
[EventDate "2016.10.15"]
[EventType "swiss"]
[EventRounds "9"]
[EventCountry "RUS"]
[WhiteClock "0:12:50"]
[BlackClock "0:00:52"]

1. d4 Nf6 2. c4 g6 3. Nf3 Bg7 4. e3 O-O 5. Be2 d5 6. cxd5 Nxd5 7. O-O b6 8. e4
Nf6 9. Nc3 Bb7 10. Qc2 Nbd7 11. Rd1 Qc8 12. Bg5 c5 13. d5 Re8 14. h3 e6 15.
dxe6 Rxe6 16. Bc4 Re7 17. Re1 Qe8 18. Nd5 Bxd5 19. exd5 Ne5 20. Nxe5 Rxe5 21.
Bd2 Rxe1+ 22. Rxe1 Qd7 23. Qd3 Qd6 24. Bc3 Re8 25. Re3 h5 26. Qe2 Rxe3 27. Qxe3
Nd7 28. Qe8+ Nf8 29. Bxg7 Kxg7 30. b3 Nd7 31. Qd8 a6 32. a4 Kh7 33. h4 Kg7 34.
g3 Kh7 35. Bxa6 Qxd5 36. Bb5 Nf6 37. Qxf6 Qd1+ {Qd8 Qf3} 38. Kh2 1-0

[Event "Chigorin Memorial"]
[Site "St Petersburg"]
[Date "2016.10.18"]
[Round "4.13"]
[White "Lu, Shanglei"]
[Black "Vlasenko, Miroslav"]
[Result "1-0"]
[WhiteElo "2615"]
[BlackElo "2422"]
[PlyCount "65"]
[EventDate "2016.10.15"]
[EventType "swiss"]
[EventRounds "9"]
[EventCountry "RUS"]

1. e4 Nc6 2. Nf3 e6 3. d4 d5 4. Nbd2 Nf6 5. e5 Nd7 6. c4 dxc4 7. Nxc4 Nb6 8. a3
Bd7 9. Be3 Ne7 10. Na5 Rb8 11. Rc1 Nbd5 12. Bd2 Nf5 13. Bd3 Be7 14. h4 h5 15.
g3 Kf8 16. b4 Qe8 17. Qc2 Ba4 18. Qc4 c6 19. Qa2 Qd7 20. O-O Bb5 21. Nc4 Rd8
22. Rfd1 Nc7 23. Bg5 Bxg5 24. Nxg5 Bxc4 25. Qxc4 a6 26. Qc5+ Kg8 27. a4 f6 28.
exf6 gxf6 29. Nxe6 Qxe6 30. Bxf5 Qd5 31. Qe7 Re8 32. Qxc7 Qxf5 33. Re1 1-0

[Event "Chigorin Memorial"]
[Site "St Petersburg"]
[Date "2016.10.18"]
[Round "4.14"]
[White "Jumabayev, Rinat"]
[Black "Nguyen, Piotr"]
[Result "1-0"]
[WhiteElo "2609"]
[BlackElo "2418"]
[PlyCount "73"]
[EventDate "2016.10.15"]
[EventType "swiss"]
[EventRounds "9"]
[EventCountry "RUS"]

1. d4 f5 2. Nf3 Nf6 3. g3 g6 4. c4 Bg7 5. Nc3 O-O 6. Bg2 d6 7. O-O Qe8 8. b3 e5
9. dxe5 dxe5 10. e4 Nc6 11. Nd5 Qd7 12. exf5 gxf5 13. Nh4 Qf7 14. Ba3 Re8 15.
Nxf6+ Qxf6 16. Qh5 Be6 17. Bb2 Qf7 18. Qxf7+ Kxf7 19. Bxc6 bxc6 20. Rfe1 Bf6
21. Bxe5 Bxh4 22. gxh4 Rg8+ 23. Kf1 a5 24. Re3 a4 25. Rae1 axb3 26. axb3 Rg4
27. Bxc7 Rag8 28. Bg3 R8g6 29. Rd3 Rf6 30. f3 Rg8 31. Bf4 Rfg6 32. Ke2 Rg2+ 33.
Ke3 Bxc4 34. Rd7+ Kg6 35. Kd4 Bxb3 36. Ree7 Rg1 37. Rd6+ 1-0

[Event "Chigorin Memorial"]
[Site "St Petersburg"]
[Date "2016.10.18"]
[Round "4.15"]
[White "Enkhnar, Enkhbaatar"]
[Black "Kovalev, Vladislav"]
[Result "0-1"]
[WhiteElo "2451"]
[BlackElo "2609"]
[PlyCount "168"]
[EventDate "2016.10.15"]
[EventType "swiss"]
[EventRounds "9"]
[EventCountry "RUS"]

1. Nf3 Nf6 2. g3 g6 3. Bg2 c5 4. c4 Bg7 5. O-O O-O 6. Nc3 Nc6 7. d4 cxd4 8.
Nxd4 Qa5 9. Nb3 Qh5 10. e4 d6 11. Nd5 Qxd1 12. Rxd1 Nxd5 13. cxd5 Ne5 14. Nd4
Bd7 15. h3 Rfc8 16. b3 Be8 17. Be3 a5 18. Rac1 a4 19. Bf1 axb3 20. axb3 Nd7 21.
f3 Nc5 22. Rc3 Bd7 23. Rdc1 Bxd4 24. Bxd4 Nxb3 25. Rxc8+ Bxc8 26. Rc4 b5 27.
Rb4 Nxd4 28. Rxd4 Bd7 29. Rb4 g5 30. Kf2 Kg7 31. Rb3 Rb8 32. Rb4 Kf6 33. Ke3
Ra8 34. Rb3 Rb8 35. Rb4 e6 36. dxe6 fxe6 37. Be2 e5 38. h4 gxh4 39. gxh4 Rc8
40. Rb1 Rb8 41. Rb4 Bc6 42. Kf2 Ke7 43. Rb1 b4 44. Bc4 Bd7 45. Ke3 Be6 46. Kd3
Bxc4+ 47. Kxc4 Rc8+ 48. Kd3 Rc3+ 49. Kd2 Rxf3 50. Rxb4 Ke6 51. Rb8 Rh3 52. Rg8
Rxh4 53. Ke3 Rf4 54. Rh8 Rf7 55. Ke2 Kd7 56. Kd3 Kc6 57. Rc8+ Rc7 58. Rf8 Kc5
59. Rh8 Kc6 60. Rf8 Rg7 61. Rc8+ Kd7 62. Rh8 Ke6 63. Re8+ Kf6 64. Rd8 Rg3+ 65.
Ke2 Ke7 66. Rh8 Rh3 67. Kf2 Rh6 68. Kf3 Kf6 69. Kg4 Kg7 70. Rd8 Rf6 71. Kg5 h6+
72. Kh5 Kf7 73. Rd7+ Ke6 74. Ra7 Rf4 75. Ra4 Kf7 76. Rc4 d5 77. Rc5 dxe4 78.
Rxe5 Kf6 79. Re8 Kf5 80. Kxh6 Rg4 81. Kh5 Rg7 82. Kh4 Kf4 83. Kh3 e3 84. Kh2
Kf3 0-1

[Event "Chigorin Memorial"]
[Site "St Petersburg"]
[Date "2016.10.18"]
[Round "4.16"]
[White "Venkatesh, M.R."]
[Black "Volkov, Sergey"]
[Result "0-1"]
[WhiteElo "2444"]
[BlackElo "2609"]
[PlyCount "134"]
[EventDate "2016.10.15"]
[EventType "swiss"]
[EventRounds "9"]
[EventCountry "RUS"]

1. e4 e6 2. d4 d5 3. Nd2 Nf6 4. Bd3 c5 5. c3 Nc6 6. Ngf3 cxd4 7. cxd4 Nb4 8.
Bb1 dxe4 9. Nxe4 Bd7 10. Nc3 Bc6 11. O-O Be7 12. Ne5 O-O 13. a3 Nbd5 14. Nxc6
bxc6 15. Qd3 a5 16. Bd2 a4 17. Bc2 Nxc3 18. bxc3 c5 19. Bg5 g6 20. dxc5 Qxd3
21. Bxd3 Ra5 22. c4 Rd8 23. Rfd1 Rxc5 24. Be3 Rc6 25. Be2 Rdc8 26. f3 R6c7 27.
Rab1 Nd7 28. Kf2 Bxa3 29. Ra1 Bc5 30. Rxa4 Nb6 31. Ra6 Bxe3+ 32. Kxe3 Nxc4+ 33.
Bxc4 Rxc4 34. Ra7 R8c5 35. Rd2 h5 36. Kf2 h4 37. g3 g5 38. Kg2 Kg7 39. Rad7 Kg6
40. Rd8 Rb4 41. Rh8 Kg7 42. Rh5 Kg6 43. Rh8 Rcc4 44. Re2 Rd4 45. Rg8+ Kf6 46.
Rh8 Rb3 47. Rf2 Kg7 48. Re8 Re3 49. Rb8 f5 50. Re8 Rdd3 51. gxh4 gxh4 52. Rc8
Rd4 53. Rfc2 Rf4 54. Rf2 Kf6 55. Rh8 Ke5 56. Rh6 Kd4 57. Kh3 Rexf3+ 58. Rxf3
Rxf3+ 59. Kxh4 e5 60. Kg5 e4 61. Re6 e3 62. h4 Kd3 63. Rd6+ Kc2 64. Rc6+ Kd2
65. Rd6+ Ke1 66. h5 e2 67. h6 Kf1 0-1

[Event "Chigorin Memorial"]
[Site "St Petersburg"]
[Date "2016.10.18"]
[Round "4.17"]
[White "Drygalov, Sergey"]
[Black "Bok, Benjamin"]
[Result "1/2-1/2"]
[WhiteElo "2409"]
[BlackElo "2594"]
[PlyCount "159"]
[EventDate "2016.10.15"]
[EventType "swiss"]
[EventRounds "9"]
[EventCountry "RUS"]

1. d4 d5 2. Nf3 Nf6 3. c4 e6 4. g3 Bb4+ 5. Bd2 Be7 6. Bg2 O-O 7. O-O Nbd7 8.
Qc2 c6 9. Bf4 b6 10. Nc3 Bb7 11. Rad1 Rc8 12. e4 dxc4 13. Qa4 b5 14. Qxa7 Qb6
15. Qxb6 Nxb6 16. a3 Rfd8 17. h3 c5 18. Nxb5 Bxe4 19. Na7 Ra8 20. Bc7 Na4 21.
Bxd8 Bxd8 22. Nb5 Nxb2 23. Rd2 Nd3 24. dxc5 Be7 25. Ne1 Nxc5 26. Bxe4 Nfxe4 27.
Rc2 Ra5 28. Nc3 Nxc3 29. Rxc3 Ne4 30. Rxc4 Nd2 31. Rc8+ Bf8 32. Nc2 Nxf1 33.
Kxf1 f5 34. Ke2 Kf7 35. Rc3 e5 36. g4 g6 37. gxf5 gxf5 38. Ne3 e4 39. Nc4 Ra4
40. f3 Ke6 41. fxe4 fxe4 42. Nd2 Kd5 43. Rc7 h6 44. Nb1 Ke5 45. Nc3 Rxa3 46.
Rc4 Kf5 47. Nxe4 Rxh3 48. Nf2 Ra3 49. Rh4 Ra6 50. Rh5+ Kg6 51. Rd5 Be7 52. Kf3
Bg5 53. Kg2 h5 54. Nh3 Ra2+ 55. Kf3 Ra3+ 56. Kg2 Be3 57. Rb5 Rc3 58. Rd5 Rb3
59. Ra5 Bd2 60. Rd5 Be3 61. Ra5 Rc3 62. Rb5 Bc5 63. Nf4+ Kh6 64. Nd3 Bd6 65.
Rd5 Bb8 66. Rb5 Bd6 67. Rd5 Rc2+ 68. Kf3 Bh2 69. Nf4 Rc3+ 70. Rd3 Rc6 71. Rd5
Bxf4 72. Kxf4 Rg6 73. Kf3 h4 74. Rd4 Rg3+ 75. Kf4 Ra3 76. Kg4 h3 77. Rd2 Kg6
78. Rh2 Rb3 79. Rxh3 Rxh3 80. Kxh3 1/2-1/2

[Event "Chigorin Memorial"]
[Site "St Petersburg"]
[Date "2016.10.18"]
[Round "4.18"]
[White "Rozum, Ivan"]
[Black "Palachev, Petr"]
[Result "1-0"]
[WhiteElo "2590"]
[BlackElo "2408"]
[PlyCount "101"]
[EventDate "2016.10.15"]
[EventType "swiss"]
[EventRounds "9"]
[EventCountry "RUS"]

1. d4 Nf6 2. c4 e6 3. Nc3 Bb4 4. e3 d5 5. Bd3 O-O 6. Nf3 b6 7. a3 Bxc3+ 8. bxc3
Ba6 9. cxd5 exd5 10. O-O c5 11. dxc5 bxc5 12. Bxa6 Nxa6 13. c4 dxc4 14. Qa4 Nc7
15. Rd1 Qe7 16. Qxc4 Rab8 17. Bd2 Ne4 18. Be1 Rfc8 19. Nd2 Nxd2 20. Rxd2 Na8
21. a4 Nb6 22. Qc2 Qe6 23. Rc1 Nd7 24. Qd1 Ne5 25. Rd6 Qe7 26. Bc3 Re8 27. Bxe5
Qxe5 28. Rd5 Qe4 29. Rdxc5 Red8 30. Qc2 Qxc2 31. R5xc2 Rb4 32. Rc8 Rf8 33. R8c4
a5 34. Kf1 Rb6 35. Rc5 Ra6 36. Rc8 g6 37. Ke2 Rxc8 38. Rxc8+ Kg7 39. Rc5 h5 40.
f4 Kf6 41. Kf3 Ke7 42. h3 Kf6 43. g4 hxg4+ 44. hxg4 Ke6 45. g5 Kd7 46. Ke4 Kd6
47. Re5 Ra7 48. Kd4 Ra8 49. Kc4 Kc6 50. Re7 Rf8 51. Kd4 1-0

[Event "Chigorin Memorial"]
[Site "St Petersburg"]
[Date "2016.10.18"]
[Round "4.19"]
[White "Abdusattorov, Nodirbek"]
[Black "Ponkratov, Pavel"]
[Result "0-1"]
[WhiteElo "2395"]
[BlackElo "2589"]
[PlyCount "98"]
[EventDate "2016.10.15"]
[EventType "swiss"]
[EventRounds "9"]
[EventCountry "RUS"]

1. e4 e5 2. Nf3 Nc6 3. Bb5 a6 4. Ba4 Nf6 5. O-O Be7 6. d3 d6 7. c3 O-O 8. Re1
Nd7 9. Bc2 Bf6 10. d4 b5 11. a4 Rb8 12. axb5 axb5 13. d5 Ne7 14. b4 g6 15. Bd3
Bg7 16. Ra5 f5 17. Bg5 fxe4 18. Bxe4 Nf6 19. Nfd2 Qe8 20. Bxf6 Rxf6 21. Bf3 Bb7
22. Na3 Ba8 23. Ne4 Rf5 24. Qd3 Bxd5 25. Nxd6 Rxf3 26. Qxd5+ Nxd5 27. Nxe8 Rxc3
28. Nxg7 Kxg7 29. Nxb5 Rd3 30. h3 Kf6 31. Rc1 Rb7 32. Rc5 e4 33. Ra6+ Ke7 34.
Ra7 Rxa7 35. Nxa7 Kd7 36. b5 Rd1+ 37. Kh2 Rd2 38. Kg1 e3 39. fxe3 Nxe3 40. g4
Nd5 41. Rc4 Kd6 42. Rc6+ Ke5 43. Rc4 Rb2 44. Nc6+ Kd6 45. Na7 g5 46. Rc6+ Ke5
47. Rh6 Ke4 48. Rxh7 Kf3 49. Nc6 Ne3 0-1

[Event "Chigorin Memorial"]
[Site "St Petersburg"]
[Date "2016.10.18"]
[Round "4.20"]
[White "Pridorozhni, Aleksei"]
[Black "Kazakovskiy, Valeriy"]
[Result "1-0"]
[WhiteElo "2579"]
[BlackElo "2399"]
[PlyCount "91"]
[EventDate "2016.10.15"]
[EventType "swiss"]
[EventRounds "9"]
[EventCountry "RUS"]

1. e4 c5 2. Nf3 a6 3. c3 d5 4. exd5 Nf6 5. d4 cxd4 6. Qa4+ Qd7 7. Qxd7+ Bxd7 8.
c4 e6 9. dxe6 fxe6 10. Nxd4 e5 11. Nc2 Nc6 12. Nc3 O-O-O 13. Be2 Nd4 14. Ne3
Bb4 15. Bd2 Bc6 16. Bd1 Rhf8 17. Rc1 Ne6 18. Ned5 Bxc3 19. Bxc3 Nc5 20. O-O
Nxd5 21. cxd5 Rxd5 22. Bb4 b6 23. Bf3 Rxf3 24. gxf3 Rd6 25. Rfd1 Rg6+ 26. Kf1
Nb7 27. Bd6 Kd7 28. Bxe5+ Ke7 29. Bg3 Nc5 30. Rc3 Bb5+ 31. Kg1 h5 32. h4 Ne6
33. Kh2 Rf6 34. Rd6 Nc5 35. Re3+ Kf7 36. Be5 Rxd6 37. Bxd6 Ne6 38. Bb8 Nf8 39.
Bc7 Nd7 40. Kg3 Nf6 41. Bd8 Nd7 42. Re7+ Kf8 43. Re6 Bc4 44. Rd6 Ke8 45. Bxb6
Bxa2 46. Bd4 1-0

[Event "Chigorin Memorial"]
[Site "St Petersburg"]
[Date "2016.10.18"]
[Round "4.21"]
[White "Fedorov, Alexei"]
[Black "Khanin, Semen"]
[Result "1/2-1/2"]
[WhiteElo "2567"]
[BlackElo "2397"]
[PlyCount "42"]
[EventDate "2016.10.15"]
[EventType "swiss"]
[EventRounds "9"]
[EventCountry "RUS"]

1. e4 e5 2. Nf3 Nc6 3. Bc4 Bc5 4. c3 Nf6 5. d3 O-O 6. O-O d6 7. a4 a5 8. Be3
Bxe3 9. fxe3 Be6 10. Bxe6 fxe6 11. Nbd2 d5 12. Qb3 Qe7 13. exd5 exd5 14. e4
Qc5+ 15. Kh1 Rad8 16. Rae1 Rfe8 17. Re2 b6 18. Rfe1 Kf8 19. Rf1 Kg8 20. Rfe1
Kf8 21. Rf1 Kg8 1/2-1/2